000 00558nam a2200193Ia 4500
005 20250317125052.0
008 008 250317s9999 xx 000 0 eng d
020 _a0-304-33512-6
037 _aTextbook
040 _aFMSL
_beng
_cFMSL
041 _aeng
_2eng
084 _aX:8(A):8:f N8
_qFMSL
100 _aJohn N
_9743445
245 0 _aResearch methods in service industry management
260 _aLondon
_bLondon, Cassell
_c1998
300 _aix,196
942 _cTB
_hX:8(A):8:f N8
999 _c1257870
_d1257870